[Event "Iasi op"]
[Site "Iasi"]
[Date "2014.05.10"]
[Round "1"]
[White "Lupascu, Matei Alexandru"]
[Black "Strasevici, Ana"]
[Result "1-0"]
[WhiteElo "2073"]
[BlackElo "1502"]
[PlyCount "75"]
[EventDate "2014.05.10"]
[EventType "swiss"]
[EventRounds "9"]
[EventCountry "ROU"]
[SourceTitle "CBM 160 Extra"]
[Source "ChessBase"]
[SourceDate "2014.07.01"]
[SourceVersion "1"]
[SourceVersionDate "2014.07.01"]
[SourceQuality "1"]

1. d4 Nf6 2. c4 g6 3. Nc3 Bg7 4. e4 d6 5. h3 0-0 6. Bg5 Na6 7. Bd3 c5 8. d5 Nc7 9. Nf3 e5 10. Nd2 h6 11. Bh4 g5 12. Bg3 Nh7 13. 0-0 f5 14. exf5 Bxf5 15. Bxf5 Rxf5 16. Nde4 Rf7 17. a3 a5 18. Rb1 Ne8 19. b4 b6 20. bxc5 bxc5 21. Qb3 Nhf6 22. Qb6 Nxe4 23. Nxe4 Bf8 24. Qxd8 Rxd8 25. Rb5 Ra8 26. Rfb1 Raa7 27. f3 Ng7 28. a4 Nf5 29. Bf2 Nd4 30. Rb6 Rad7 31. R1b2 Kg7 32. Be1 Nxf3+ 33. gxf3 Rxf3 34. R2b3 Rf4 35. Rb7 Rxb7 36. Rxb7+ Kg6 37. Nd2 e4 38. Bg3 1-0

[Event "MDA-ch (Women)"]
[Site "Kishinev"]
[Date "2014.02.17"]
[Round "8"]
[White "Untila, Stela"]
[Black "Strasevici, Ana"]
[Result "1-0"]
[WhiteElo "2144"]
[BlackElo "1475"]
[PlyCount "80"]
[EventDate "2014.02.10"]
[EventType "tourn"]
[EventRounds "11"]
[EventCountry "MDA"]
[SourceTitle "CBM 158 Extra"]
[Source "ChessBase"]
[SourceDate "2014.02.28"]
[SourceVersion "1"]
[SourceVersionDate "2014.02.28"]
[SourceQuality "1"]

1. c4 Nf6 2. Nc3 g6 3. g3 Bg7 4. Bg2 0-0 5. d4 d6 6. Nf3 Nbd7 7. 0-0 c6 8. e4 Qc7 9. h3 e5 10. Be3 Nb6 11. b3 Nh5 12. Rc1 f5 13. dxe5 dxe5 14. c5 Nd7 15. exf5 gxf5 16. Ng5 Ndf6 17. Bf3 h6 18. Bxh5 hxg5 19. Bxg5 f4 20. Bxf6 Rxf6 21. Bg4 Rh6 22. Ne4 Rg6 23. Kg2 Bxg4 24. hxg4 Bh6 25. Rc3 Qg7 26. Rd3 Rf8 27. f3 fxg3 28. Nxg3 Bf4 29. Ne4 Rh6 30. Rh1 Qh7 31. Rxh6 Qxh6 32. Qh1 Qxh1+ 33. Kxh1 Rf7 34. Kg2 b6 35. Rd6 Rc7 36. g5 bxc5 37. Kh3 Be3 38. Kg4 Bd4 39. Kf5 Rf7+ 40. Nf6+ Kg7 1-0

[Event "MDA-ch (Women)"]
[Site "Kishinev"]
[Date "2014.02.16"]
[Round "7"]
[White "Strasevici, Ana"]
[Black "Verbin, Valentina"]
[Result "1-0"]
[WhiteElo "1475"]
[BlackElo "1498"]
[PlyCount "69"]
[EventDate "2014.02.10"]
[EventType "tourn"]
[EventRounds "11"]
[EventCountry "MDA"]
[SourceTitle "CBM 158 Extra"]
[Source "ChessBase"]
[SourceDate "2014.02.28"]
[SourceVersion "1"]
[SourceVersionDate "2014.02.28"]
[SourceQuality "1"]

1. d4 Nf6 2. Nf3 e6 3. c4 Nc6 4. Nc3 Bb4 5. Qc2 0-0 6. Bd2 d6 7. e4 e5 8. d5 Nb8 9. Be2 Nbd7 10. a3 Bxc3 11. Bxc3 Nc5 12. Nd2 a5 13. 0-0 Bd7 14. f4 Qe7 15. fxe5 dxe5 16. Rae1 Ne8 17. Rf3 Nd6 18. Bd3 b6 19. Rg3 Ndb7 20. Nf3 f6 21. Bd2 Kh8 22. Rf1 Ba4 23. Qb1 Bb3 24. Nh4 Rf7 25. Rh3 Qd7 26. Rff3 Qa4 27. Qe1 Bxc4 28. Ng6+ Kg8 29. Rxh7 Rd7 30. Rh8+ Kf7 31. Rxa8 Kxg6 32. Rf8 Rd8 33. Qg3+ Kh5 34. Qh3+ Kg6 35. Rg3# 1-0

[Event "Wch U18 Girls"]
[Site "Al Ain"]
[Date "2013.??.??"]
[Round "2"]
[White "Ruhlmann, Helene"]
[Black "Strasevici, Ana"]
[Result "1-0"]
[WhiteElo "1830"]
[BlackElo "1496"]
[PlyCount "65"]
[EventDate "2013.12.18"]
[EventType "swiss"]
[EventRounds "11"]
[EventCountry "UAE"]
[SourceTitle "CBM 158 Extra"]
[Source "ChessBase"]
[SourceDate "2014.02.28"]
[SourceVersion "1"]
[SourceVersionDate "2014.02.28"]
[SourceQuality "1"]

1. d4 Nf6 2. Nf3 g6 3. g3 Bg7 4. c4 d6 5. Bg2 0-0 6. Nc3 c6 7. h3 Nbd7 8. 0-0 Qc7 9. Re1 Ne8 10. e4 e5 11. Be3 f5 12. Qd2 Ndf6 13. Bg5 Nh5 14. exf5 gxf5 15. dxe5 dxe5 16. Bh6 f4 17. Bxg7 Nexg7 18. g4 Nf6 19. Rxe5 h5 20. g5 Nh7 21. Rae1 Bf5 22. Re7 Qb6 23. Na4 Qa6 24. Qd4 Rf7 25. Nc5 Qb6 26. Rxf7 Kxf7 27. g6+ Kg8 28. gxh7+ Bxh7 29. Ng5 Rd8 30. Qf6 Rd2 31. Qf7+ Kh8 32. Re8+ Nxe8 33. Qxh7# 1-0